ბათუმის შოთა რუსთაველის სახელმწიფო უნივერსიტეტის ბიბლიოთეკა

Сборник задач по курсу начертательной геометрии (ბიბ.ჩანაწერი № 38870)

000 -LEADER
fixed length control field 00808nam a2200205Ia 4500
001 - CONTROL NUMBER
control field 5283
003 - CONTROL NUMBER IDENTIFIER
control field GE_BSU
008 - FIXED-LENGTH DATA ELEMENTS--GENERAL INFORMATION
fixed length control field 181216s||||||||xx |||||||||||||| ||und||
040 ## - CATALOGING SOURCE
Transcribing agency GE_BSU
080 ## - UNIVERSAL DECIMAL CLASSIFICATION NUMBER
Universal Decimal Classification number 514.18(075.8)
100 ## - MAIN ENTRY--PERSONAL NAME
Personal name Гордон, В. О. Иванов, Ю. Б., Солнцева, Т. Е
245 ## - TITLE STATEMENT
Title Сборник задач по курсу начертательной геометрии
245 ## - TITLE STATEMENT
Remainder of title Учебное пособие для студ. машиностроит и приборостр. специальн. вузов
260 ## - PUBLICATION, DISTRIBUTION, ETC.
Place of publication, distribution, etc. Москва
260 ## - PUBLICATION, DISTRIBUTION, ETC.
Name of publisher, distributor, etc. Наука, Гл ред физ-мат лит-ры
260 ## - PUBLICATION, DISTRIBUTION, ETC.
Date of publication, distribution, etc. 1967
300 ## - PHYSICAL DESCRIPTION
Extent 251 с22 см.
653 ## - INDEX TERM--UNCONTROLLED
Uncontrolled term Сборник задач по курс начертательной геометрии
942 ## - ADDED ENTRY ELEMENTS (KOHA)
Koha item type წიგნი
ეგზემპლარები
Withdrawn status Lost status Damaged status Not for loan Date acquired Barcode Date last seen Price effective from Koha item type
        2018-12-17 16250 2018-12-17 2018-12-17 წიგნი